| 000 | 00608nam a2200205 ar4500 | ||
|---|---|---|---|
| 001 | 5456 | ||
| 005 | 20221127091138.0 | ||
| 008 | 052922s ||| 00010|eng d | ||
| 020 |
_a9780070685079 (hbk) _zSR 440 |
||
| 082 | 0 | 4 | _a711.4 W514 2003 |
| 100 | 1 | _aWatson, Donald | |
| 245 | 1 | 0 |
_aTime-saver standards for urban design / _cDonald Watson, Alan plattus, |
| 250 | _a1st.ed. | ||
| 260 |
_aNew York, _bMcGraw-Hill, _c2003 |
||
| 300 |
_a960 p. _bill.col. _c28 cm. |
||
| 500 | _aInclude bibl.references and index | ||
| 650 | 4 | _aArchitectural design | |
| 650 | 4 | _aCity planning | |
| 700 | 0 | _aShibley, Robert G. | |
| 999 |
_c5453 _d5453 |
||